000 00419nam a22001577a 4500
999 _c63966
_d63966
005 20210320120718.0
020 _a817063296X
_c150.00
035 _aB-163416
035 _aB-163417
037 _aDPL
_bENG
100 _aPrakash, Prem
245 _aEssentials of psychology /
_cby Prem Prakash
260 _aNew Delhi
_bArya Book Depot
_c2004
300 _a342p.
_c22 cms.
942 _2ddc
_cEN
_h150
_mPRE